Pays par frontières - Statistiques

Statistiques générales
  • Ce quiz a été pris 756 fois
  • Le résultat moyen est 142 sur 157
Réponses sur la Carte
Les réponses sont colorées sur une échelle allant du rouge au vert en fonction du pourcentage des utilisateurs qui les ont devinées à leur premier essai. Vous pouvez retrouver ces pourcentages ci-dessous.
 
Statistiques - réponses
Pays % Correct
Allemagne
98%
Brésil
98%
Canada
98%
Espagne
98%
Etats-Unis
98%
France
98%
Mexique
98%
Suisse
98%
Suriname
98%
Belgique
97%
Chine
97%
Finlande
97%
Inde
97%
Italie
97%
Norvège
97%
Pakistan
97%
Pays-Bas
97%
Pologne
97%
Russie
97%
Algérie
96%
Argentine
96%
Bhoutan
96%
Biélorussie
96%
Bolivie
96%
Corée du Nord
96%
Kazakhstan
96%
Libye
96%
Maroc
96%
Mongolie
96%
Myanmar
96%
Népal
96%
Portugal
96%
Ukraine
96%
Autriche
95%
Azerbaïdjan
95%
Chili
95%
Lettonie
95%
Lituanie
95%
Luxembourg
95%
Mali
95%
Mauritanie
95%
Niger
95%
Paraguay
95%
Pérou
95%
Turquie
95%
Afghanistan
94%
Arabie Saoudite
94%
Bulgarie
94%
Colombie
94%
Égypte
94%
Estonie
94%
Grèce
94%
Hongrie
94%
Irak
94%
Iran
94%
Irlande
94%
Royaume-Uni
94%
Soudan
94%
Soudan du Sud
94%
Tunisie
94%
Uruguay
94%
Afrique du Sud
93%
Andorre
93%
Botswana
93%
Cameroun
93%
Danemark
93%
Géorgie
93%
Laos
93%
Mozambique
93%
Namibie
93%
Rép dém du Congo
93%
République Centrafricaine
93%
Slovaquie
93%
Slovénie
93%
Suède
93%
Syrie
93%
Tanzanie
93%
Tchéquie
93%
Venezuela
93%
Zambie
93%
Zimbabwe
93%
Angola
92%
Arménie
92%
Burkina Faso
92%
Eswatini
92%
Guyana
92%
Israël
92%
Jordanie
92%
Lesotho
92%
Macédoine du Nord
92%
Ouganda
92%
République du Congo
92%
Roumanie
92%
Serbie
92%
Sri Lanka
92%
Bangladesh
91%
Gabon
91%
Oman
91%
Rwanda
91%
Viêt Nam
91%
Albanie
90%
Burundi
90%
Guinée
90%
Monténégro
90%
Tadjikistan
90%
Tchad
90%
Turkménistan
90%
Croatie
89%
Éthiopie
89%
Guatemala
89%
Kirghizistan
89%
Malaisie
89%
Moldavie
89%
Sénégal
89%
Yémen
89%
Cambodge
88%
Côte d'Ivoire
88%
Émirats arabes unis
88%
Indonésie
88%
Kenya
88%
Koweït
88%
Thaïlande
88%
Bosnie-Herzégovine
87%
Équateur
87%
Somalie
87%
Corée du Sud
86%
Kosovo
86%
Nigeria
86%
Panama
86%
Papouasie- Nouvelle-Guinée
86%
Belize
85%
Ouzbékistan
85%
Bénin
84%
Djibouti
84%
Qatar
84%
Costa Rica
83%
Guinée-Bissau
83%
Érythrée
82%
Ghana
82%
Liberia
82%
Liban
81%
Timor-Leste
81%
Monaco
80%
Nicaragua
80%
Honduras
79%
Togo
79%
Sierra Leone
77%
Salvador
75%
Guinée équatoriale
74%
Haïti
74%
République dominicaine
74%
Malawi
72%
Liechtenstein
66%
Gambie
65%
Vatican
65%
Saint-Marin
62%
Brunei
54%
Aucun quiz correspondant
Distribution des résultats
% des personnes avec chaque résultat
Percentile par nombre de réponses
Votre historique - résultats
Vous n’avez pas pris ce quiz